logo

Bir Sreshtho Munshi Abdur Rouf Library
Jhenaidah Cadet College

Mammals / (Record no. 9636)

MARC details
000 -LEADER
fixed length control field 00782nam a2200277 a 4500
001 - CONTROL NUMBER
JCCL Control Number 9636
003 - CONTROL NUMBER IDENTIFIER
JCCL marc code BD - JhCC
005 - DATE AND TIME OF LATEST TRANSACTION
control field 20180321164319.0
008 - FIXED-LENGTH DATA ELEMENTS--GENERAL INFORMATION
fixed length control field 180321s1987 nyua 101 0 eng d
020 ## - INTERNATIONAL STANDARD BOOK NUMBER
International Standard Book Number 0126133379
020 ## - INTERNATIONAL STANDARD BOOK NUMBER
International Standard Book Number 0816015600
035 ## - SYSTEM CONTROL NUMBER
system control number CURL 030000108740(Gla)
-- (BD - JhCC)9636
040 ## - CATALOGING SOURCE
Original cataloging agency BD-JhCC
Modifying agency BD-JhCC
041 ## - LANGUAGE CODE
Language code of Book eng
050 #0 - LIBRARY OF CONGRESS CALL NUMBER
Classification number QL739.2
082 ## - DEWEY DECIMAL CLASSIFICATION NUMBER
Classification number 599.038
Author mark and Year MIN 1987
100 ## - MAIN ENTRY--PERSONAL NAME
Personal name Minelli, Giuseppe
111 2# - MAIN ENTRY--MEETING NAME
Meeting name or jurisdiction name as entry element Symposium on Sound Reception in Mammals
Date of meeting (1974 :
Location of meeting Zoological Society of London)
245 10 - TITLE STATEMENT
Title Mammals /
Statement of responsibility, etc Giuseppe Minelli
260 ## - PUBLICATION, DISTRIBUTION, ETC. (IMPRINT)
Place of publication, distribution, etc New York :
Name of publisher, distributor, etc Facts On File Prblicatins,
Date of publication, distribution, etc 1987.
300 ## - PHYSICAL DESCRIPTION
Pagination 57 p. :
Other physical details ill ;
Dimensions 24 cm
650 #0 - SUBJECT ADDED ENTRY--TOPICAL TERM
Topical term or geographic name as entry element Mammals
650 #0 - SUBJECT ADDED ENTRY--TOPICAL TERM
Topical term or geographic name as entry element History of life on earth
942 ## - ADDED ENTRY ELEMENTS (KOHA)
Source of classification or shelving scheme Dewey Decimal Classification
Koha item type Reference
Holdings
Source of classification or shelving scheme Damaged status Not for loan Home library Current library Shelving location Total Checkouts Full call number Barcode Date last seen Copy number Koha item type
Dewey Decimal Classification     JCC Rouf Library JCC Rouf Library General Stacks   599.038 MIN 1987 12853 03/21/2018 C - 1 Reference

JCC Library | Contacts | JCC Home

Last Update on 23 September 2017
Copyright @ 2017-2020 JCC Rouf Library
Rouf Library, Jhenidah Cadet College (JCC), Bangladesh